Statistics for Countries of the Americas with the Strongest Militaries

Click here to take the quiz!

General Stats

  • This quiz has been taken 374 times
    (297 since last reset)
  • The average score is 12 of 14

Answer Stats

PwrIndxCountry% Correct
0.2487Brazil
100%
0.5574Mexico
99%
0.0615United States
99%
0.6274Argentina
98%
0.3941Canada
98%
0.8057Chile
95%
0.7157Colombia
92%
0.6931Venezuela
92%
0.6841Peru
91%
1.0565Cuba
84%
0.9139Bolivia
80%
0.9451Ecuador
76%
1.8203Guatemala
71%
2.0554Honduras
61%

Score Distribution

Percentile by Number Answered

Percent of People with Each Score

Your Score History

You have not taken this quiz since the last reset